[Event "25. Open Internacional de Parla 2010"]
[Site "Parla ESP"]
[Date "2010.09.06"]
[Round "3.38"]
[White "Garcia Salamero, Hector"]
[Black "Madurga Lopez, Ignacio"]
[Result "1-0"]
[WhiteElo "1776"]
[BlackElo "2010"]
[PlyCount "65"]
[EventDate "2010.09.04"]
[EventType "swiss"]
[EventRounds "9"]
[EventCountry "ESP"]
[Source "lmi"]
[SourceDate "2010.09.04"]

1. e4 c5 2. Nf3 d6 3. d4 cxd4 4. Nxd4 Nf6 5. Nc3 a6 6. Nde2 e6 7. g3 b5 8. a3
Bb7 9. Bg2 Nbd7 10. O-O Be7 11. h3 h5 12. Bg5 Nb6 13. Nf4 Qc7 14. Re1 Nc4 15.
Nd3 Nxb2 16. Nxb5 axb5 17. Nxb2 Qc3 18. Nd3 Rxa3 19. Rxa3 Qxa3 20. Qb1 Qa4 21.
Qb2 Bxe4 22. Bxe4 Nxe4 23. Qxg7 Rf8 24. Bxe7 Kxe7 25. Ra1 Rg8 26. Rxa4 Rxg7 27.
Rxe4 Rg5 28. Rb4 Rd5 29. Kf1 e5 30. Ke2 f5 31. Rh4 e4 32. Nf4 Rc5 33. Kd2 1-0

[Event "25. Open Internacional de Parla 2010"]
[Site "Parla ESP"]
[Date "2010.09.06"]
[Round "3.39"]
[White "Prieto Velasco, Rafael"]
[Black "Quintero Torres, Pedro"]
[Result "1/2-1/2"]
[WhiteElo "1758"]
[BlackElo "2006"]
[PlyCount "125"]
[EventDate "2010.09.04"]
[EventType "swiss"]
[EventRounds "9"]
[EventCountry "ESP"]
[Source "lmi"]
[SourceDate "2010.09.04"]

1. d4 Nf6 2. c4 g6 3. Nc3 d5 4. Bf4 Bg7 5. Rc1 O-O 6. e3 c5 7. dxc5 Qa5 8. cxd5
Ne4 9. Nge2 Nxc5 10. a3 Ne4 11. Qa4 Qxa4 12. Nxa4 Bd7 13. Nac3 Nc5 14. Ng3 e5
15. dxe6 Bxe6 16. Bd6 Rc8 17. Bxc5 Rxc5 18. Nge4 Rc7 19. Be2 Nd7 20. O-O a6 21.
Ng5 Rac8 22. Nge4 Rc6 23. Rcd1 Nc5 24. b4 Nxe4 25. Nxe4 Rc2 26. Bd3 R2c6 27. b5
axb5 28. Bxb5 Rc2 29. a4 Bf8 30. Nd6 Bxd6 31. Rxd6 Bc4 32. Rfd1 Bxb5 33. axb5
Rb2 34. Rd8+ Rxd8 35. Rxd8+ Kg7 36. g3 Rxb5 37. Kg2 Rb2 38. h4 h5 39. Kf3 b5
40. Rb8 b4 41. Rb5 b3 42. Rb7 Kf6 43. Rb5 Rb1 44. Kg2 Ke6 45. Rb7 b2 46. Rb8
Kd5 47. Rb7 Kc6 48. Rb3 Kc5 49. Rb8 Kc4 50. Rc8+ Kd3 51. Rd8+ Ke2 52. Rb8 Kd2
53. Rd8+ Kc3 54. Rc8+ Kb4 55. Rb8+ Kc5 56. Rb3 Kc6 57. Rb8 Kc7 58. Rb3 Kd6 59.
Rb4 Ke6 60. Rb7 Ke5 61. Rb5+ Ke4 62. Rb4+ Kd3 63. Rb8 1/2-1/2

[Event "25. Open Internacional de Parla 2010"]
[Site "Parla ESP"]
[Date "2010.09.06"]
[Round "3.40"]
[White "Sanchez Garcia, Manuel"]
[Black "Garcia Hernandez, Javier"]
[Result "1-0"]
[WhiteElo "2002"]
[BlackElo "1654"]
[PlyCount "67"]
[EventDate "2010.09.04"]
[EventType "swiss"]
[EventRounds "9"]
[EventCountry "ESP"]
[Source "lmi"]
[SourceDate "2010.09.04"]

1. Nf3 Nf6 2. c4 e6 3. g3 d5 4. Bg2 Be7 5. O-O O-O 6. Qc2 Nbd7 7. b3 c6 8. Bb2
b6 9. d3 Bb7 10. Nbd2 Re8 11. e4 Nf8 12. Rfe1 c5 13. cxd5 exd5 14. e5 N6d7 15.
d4 Rc8 16. Qd3 Ne6 17. Rac1 f6 18. Bh3 Ndf8 19. Re2 fxe5 20. Nxe5 Bf6 21. f4
cxd4 22. Rxc8 Qxc8 23. Bxd4 Nxf4 24. gxf4 Qc7 25. Qc3 Qxc3 26. Bxc3 Ng6 27. Bd7
Re7 28. Bb4 Rxe5 29. fxe5 Nxe5 30. Be6+ Kh8 31. Bh3 h6 32. Bd6 Nd3 33. Re8+ Kh7
34. Bf5+ 1-0

[Event "25. Open Internacional de Parla 2010"]
[Site "Parla ESP"]
[Date "2010.09.06"]
[Round "3.41"]
[White "Garcia Andrinal, Antonio"]
[Black "Bote Kobolo, Benjamin"]
[Result "0-1"]
[WhiteElo "1748"]
[BlackElo "1969"]
[PlyCount "98"]
[EventDate "2010.09.04"]
[EventType "swiss"]
[EventRounds "9"]
[EventCountry "ESP"]
[Source "lmi"]
[SourceDate "2010.09.04"]

1. e4 Nc6 2. d4 e5 3. Bc4 exd4 4. Nf3 Bc5 5. O-O d6 6. h3 Nf6 7. c3 dxc3 8.
Nxc3 h6 9. e5 dxe5 10. Qxd8+ Nxd8 11. Nxe5 Be6 12. Re1 O-O 13. Bd3 a6 14. Ne4
Nxe4 15. Bxe4 Bd4 16. Nf3 Bf6 17. Bf4 Bxb2 18. Rab1 Bc3 19. Re2 Ba5 20. Nd4 Bb6
21. Nf5 Nc6 22. Rd2 Rad8 23. Rbd1 Rxd2 24. Rxd2 Bxf5 25. Bxf5 Rd8 26. Re2 Nd4
27. Rd2 c5 28. Be4 Rd7 29. Rb2 Ba5 30. Be3 b5 31. Kf1 Bc3 32. Rb1 Re7 33. Rc1
b4 34. Bd3 a5 35. Bc4 Kf8 36. Bf4 Rd7 37. Be3 f5 38. Rd1 g5 39. f4 Re7 40. Bc1
g4 41. hxg4 fxg4 42. Kf2 Kg7 43. Kg3 h5 44. Rh1 Be1+ 45. Kh2 h4 46. Rf1 Bg3+
47. Kh1 Kf6 48. Bd2 Nf5 49. Bc1 Re1 0-1

[Event "25. Open Internacional de Parla 2010"]
[Site "Parla ESP"]
[Date "2010.09.06"]
[Round "3.42"]
[White "Martinez Miura, Enrique"]
[Black "Sanchez Rodriguez, Jaime"]
[Result "0-1"]
[WhiteElo "1731"]
[BlackElo "1958"]
[PlyCount "56"]
[EventDate "2010.09.04"]
[EventType "swiss"]
[EventRounds "9"]
[EventCountry "ESP"]
[Source "lmi"]
[SourceDate "2010.09.04"]

1. e4 d5 2. exd5 Qxd5 3. Nc3 Qd6 4. Nf3 Bg4 5. h3 Bh5 6. Be2 Nf6 7. O-O c6 8.
d3 Nbd7 9. Be3 e6 10. Qd2 Qc7 11. a3 Bd6 12. b4 a6 13. Rfd1 Rd8 14. Qe1 O-O 15.
Rab1 Rfe8 16. Nd2 Bg6 17. Nc4 Bf4 18. Bxf4 Qxf4 19. Qd2 Qd4 20. Bf3 b5 21. Ne2
Qh4 22. Nd6 Re7 23. d4 Nb6 24. g3 Qxh3 25. Nf4 Qh6 26. Nxg6 Qxg6 27. Qf4 Nbd5
28. Bxd5 Nxd5 0-1

[Event "25. Open Internacional de Parla 2010"]
[Site "Parla ESP"]
[Date "2010.09.06"]
[Round "3.43"]
[White "De la Rosa Bretin, Adrian"]
[Black "Ramirez Bulnes, Joaquin"]
[Result "0-1"]
[WhiteElo "1712"]
[BlackElo "1946"]
[PlyCount "110"]
[EventDate "2010.09.04"]
[EventType "swiss"]
[EventRounds "9"]
[EventCountry "ESP"]
[Source "lmi"]
[SourceDate "2010.09.04"]

1. e4 c6 2. d4 d5 3. exd5 cxd5 4. c4 Nf6 5. Nc3 Nc6 6. Nf3 Bg4 7. Be2 e6 8. O-O
dxc4 9. Bxc4 Be7 10. d5 exd5 11. Nxd5 O-O 12. Nxe7+ Qxe7 13. Bf4 Qb4 14. Qb3
Bxf3 15. gxf3 Qc5 16. Rac1 Qf5 17. Bg3 Nd4 18. Qxb7 Nxf3+ 19. Kg2 Ng5 20. Rfd1
Nfe4 21. Rd3 Nc5 22. Bxf7+ Nxf7 23. Rf3 Nxb7 24. Rxf5 Nfd6 25. Rd5 Ne4 26. Be5
Rxf2+ 27. Kh3 Rf7 28. Rc7 Raf8 29. Rdd7 Rxd7 30. Rxd7 Rf7 31. Rd4 Ng5+ 32. Kg4
Nf3 33. Re4 Nc5 34. Re3 Nxe5+ 35. Rxe5 Rc7 36. Rd5 Nd7 37. Rd2 Kf7 38. Kf5 Nf6
39. a3 Rc4 40. Ke5 Rc5+ 41. Kf4 h6 42. h3 g5+ 43. Kf3 Rd5 44. Rc2 Rd3+ 45. Kg2
Nd5 46. Kf2 Rxh3 47. Rc5 Ke6 48. Ra5 Rh2+ 49. Kg3 Rxb2 50. Rxa7 h5 51. a4 h4+
52. Kf3 Rb3+ 53. Kg2 g4 54. Rg7 Nf4+ 55. Kf2 g3+ 0-1

[Event "25. Open Internacional de Parla 2010"]
[Site "Parla ESP"]
[Date "2010.09.06"]
[Round "3.46"]
[White "Hernandez Mateo, Borja"]
[Black "Gutierrez Garcia, Alberto"]
[Result "1/2-1/2"]
[WhiteElo "1617"]
[BlackElo "1694"]
[PlyCount "117"]
[EventDate "2010.09.04"]
[EventType "swiss"]
[EventRounds "9"]
[EventCountry "ESP"]
[Source "lmi"]
[SourceDate "2010.09.04"]

1. e4 e5 2. Nf3 Nc6 3. Bc4 Bc5 4. c3 Nf6 5. d4 exd4 6. cxd4 Bb4+ 7. Bd2 Bxd2+
8. Nbxd2 O-O 9. O-O d5 10. exd5 Nxd5 11. Qb3 Na5 12. Qd3 Nxc4 13. Qxc4 Be6 14.
Qc2 f6 15. Rfe1 Re8 16. Nb3 b6 17. Nbd2 Qd7 18. Nc4 Re7 19. Ne3 Rae8 20. Nxd5
Bxd5 21. Rxe7 Qxe7 22. Nd2 Qe2 23. h3 c6 24. b3 f5 25. Rc1 b5 26. Nf1 Qxc2 27.
Rxc2 Re1 28. f3 Rd1 29. Rd2 Rxd2 30. Nxd2 Kf7 31. Nf1 Ke6 32. Ne3 g6 33. Kf2
Kd6 34. Ke2 Bg8 35. Nc2 a5 36. Kd3 c5 37. dxc5+ Kxc5 38. Kc3 Kd5 39. Nd4 b4+
40. Kd3 f4 41. Ne2 g5 42. Kd2 h6 43. Kd3 Bh7+ 44. Kd2 Bb1 45. Nc1 Kc5 46. Ke2
Kd5 47. Kd1 Ke5 48. Ke2 h5 49. Kd1 Kf5 50. Ke2 g4 51. h4 gxf3+ 52. gxf3 Ke6 53.
Kd2 Bf5 54. Nd3 Bxd3 55. Kxd3 Kd5 56. Ke2 Kd4 57. Kd2 Kc5 58. Kd3 Kd5 59. Ke2
1/2-1/2

[Event "25. Open Internacional de Parla 2010"]
[Site "Parla ESP"]
[Date "2010.09.06"]
[Round "3.47"]
[White "Martin Garcia, Francisco Javier"]
[Black "Al-Zarif, Bassam"]
[Result "1/2-1/2"]
[WhiteElo "1575"]
[BlackElo "1691"]
[PlyCount "94"]
[EventDate "2010.09.04"]
[EventType "swiss"]
[EventRounds "9"]
[EventCountry "ESP"]
[Source "lmi"]
[SourceDate "2010.09.04"]

1. d4 d5 2. Nf3 Nf6 3. g3 e6 4. Bg2 c5 5. O-O Nbd7 6. Nbd2 Be7 7. c4 a6 8. Re1
O-O 9. Qc2 cxd4 10. Nxd4 Rb8 11. cxd5 Nxd5 12. N2f3 Qb6 13. a3 N7f6 14. e4 Nc7
15. h3 Nb5 16. Be3 Nxd4 17. Nxd4 Qd8 18. Rad1 Bd7 19. Qb1 Rc8 20. Rc1 Qa5 21.
Nb3 Qb5 22. Nd4 Qe5 23. f4 Qb8 24. g4 Rxc1 25. Rxc1 e5 26. Ne2 exf4 27. Bxf4
Bd6 28. Rf1 Bb5 29. Bxd6 Qxd6 30. Re1 Rd8 31. Nc3 Qd4+ 32. Kh1 Bd3 33. Qd1 Qb6
34. Qc1 h6 35. Rd1 Bb5 36. Rxd8+ Qxd8 37. Nxb5 axb5 38. e5 Nh7 39. Bxb7 Qd4 40.
e6 fxe6 41. Qe1 e5 42. Qe2 Ng5 43. h4 Nh3 44. Qg2 Nf4 45. Qc2 Qd3 46. Qc8+ Kh7
47. Qf5+ Kg8 1/2-1/2

[Event "25. Open Internacional de Parla 2010"]
[Site "Parla ESP"]
[Date "2010.09.06"]
[Round "3.49"]
[White "Sousa Barreiro, Bieito"]
[Black "Roldan Criado, Angel"]
[Result "1/2-1/2"]
[WhiteElo "1676"]
[BlackElo "1462"]
[PlyCount "102"]
[EventDate "2010.09.04"]
[EventType "swiss"]
[EventRounds "9"]
[EventCountry "ESP"]
[Source "lmi"]
[SourceDate "2010.09.04"]

1. d4 c6 2. c4 d5 3. g3 Nf6 4. Bg2 e6 5. Nc3 Be7 6. Nf3 Nbd7 7. O-O Nb6 8. c5
Nbd7 9. Qd3 b6 10. b4 bxc5 11. bxc5 a5 12. Bf4 Ba6 13. Qc2 Nh5 14. Rfe1 Nxf4
15. gxf4 f5 16. Ne5 Nxe5 17. fxe5 Bh4 18. Qd2 O-O 19. e3 Ra7 20. Reb1 Rff7 21.
Rb6 Rfb7 22. Rab1 Qd7 23. Qb2 Bd8 24. Rxb7 Rxb7 25. Qc2 Rxb1+ 26. Qxb1 Qa7 27.
f4 g6 28. Bf3 Bc4 29. Bd1 Bc7 30. Ba4 Qa6 31. Kf2 Kg7 32. h4 h5 33. Bd1 Bd3 34.
Qb3 Bc4 35. Qb2 Qa7 36. Nb1 Bd3 37. Ba4 Qa6 38. Nd2 Be2 39. Qb1 Bd3 40. Bc2
Bxc2 41. Qxc2 Qb5 42. Qb3 Qa6 43. a4 Bd8 44. Nf3 Bc7 45. Ng5 Qc8 46. Kg3 Kf8
47. Nh7+ Kg7 48. Ng5 Kf8 49. Qb2 Kg8 50. Kh3 Kg7 51. Qb1 Kg8 1/2-1/2

[Event "25. Open Internacional de Parla 2010"]
[Site "Parla ESP"]
[Date "2010.09.06"]
[Round "3.50"]
[White "Callejo Hernanz, Jesus Maria"]
[Black "Cerrato Sampablo, Antonio"]
[Result "1-0"]
[WhiteElo "1815"]
[BlackElo "1621"]
[PlyCount "29"]
[EventDate "2010.09.04"]
[EventType "swiss"]
[EventRounds "9"]
[EventCountry "ESP"]
[Source "lmi"]
[SourceDate "2010.09.04"]

1. e4 e6 2. d4 d5 3. Nc3 Bb4 4. e5 Bd7 5. Nf3 Be7 6. Be3 b6 7. Be2 c5 8. O-O
cxd4 9. Nxd4 f6 10. Bb5 fxe5 11. Nxe6 Qc8 12. Qxd5 Bxb5 13. Nxb5 Qc6 14. Nbc7+
Kf7 15. Nd8+ 1-0

[Event "25. Open Internacional de Parla 2010"]
[Site "Parla ESP"]
[Date "2010.09.06"]
[Round "3.52"]
[White "Ruiz Escobar, Israel"]
[Black "Rios Barba, Faustino"]
[Result "1-0"]
[WhiteElo "1815"]
[BlackElo "1591"]
[PlyCount "95"]
[EventDate "2010.09.04"]
[EventType "swiss"]
[EventRounds "9"]
[EventCountry "ESP"]
[Source "lmi"]
[SourceDate "2010.09.04"]

1. d4 d5 2. Bf4 Nf6 3. Nf3 Nc6 4. e3 h6 5. Nbd2 Bf5 6. c3 a6 7. Qa4 b5 8. Qd1
e6 9. Be2 Be7 10. h3 O-O 11. O-O Nd7 12. Rc1 f6 13. a4 Na7 14. Qb3 c6 15. e4
bxa4 16. Qa2 Bg6 17. exd5 exd5 18. Qxa4 Nb5 19. Bg3 Nb6 20. Qd1 Bd6 21. Nh4 Bh7
22. Bg4 Bxg3 23. fxg3 Nd6 24. Bh5 Nbc4 25. Nxc4 Nxc4 26. Qe2 Nd6 27. Qe6+ Kh8
28. Ng6+ Bxg6 29. Bxg6 Ra7 30. Rce1 Ne4 31. Bxe4 Re7 32. Qxc6 Rxe4 33. Rxe4
dxe4 34. Qxe4 Re8 35. Qd3 Qb6 36. Rb1 Qd6 37. b4 Re6 38. c4 Qe7 39. Rb3 Re2 40.
c5 Ra2 41. Qe3 Qd7 42. Qe4 Ra1+ 43. Kh2 Qb5 44. Qd3 Qe8 45. Rb1 Ra2 46. d5 Re2
47. d6 Re3 48. d7 1-0

[Event "25. Open Internacional de Parla 2010"]
[Site "Parla ESP"]
[Date "2010.09.06"]
[Round "3.53"]
[White "Martinez Soler, Manuel"]
[Black "Fernandez Cabello, Emilio"]
[Result "1-0"]
[WhiteElo "1563"]
[BlackElo "1809"]
[PlyCount "58"]
[EventDate "2010.09.04"]
[EventType "swiss"]
[EventRounds "9"]
[EventCountry "ESP"]
[Source "lmi"]
[SourceDate "2010.09.04"]

1. d4 Nf6 2. Nf3 g6 3. c4 Bg7 4. Nc3 O-O 5. e4 d6 6. Be2 e5 7. O-O exd4 8. Nxd4
Re8 9. f3 Nbd7 10. Be3 Nf8 11. Qd2 Ne6 12. Nxe6 Bxe6 13. Rac1 c6 14. Rfd1 d5
15. cxd5 cxd5 16. e5 Nd7 17. f4 Nb6 18. b3 Rc8 19. Nb5 Rxc1 20. Rxc1 Nc8 21.
Nxa7 Nxa7 22. Bxa7 f6 23. Bd4 fxe5 24. Bxe5 Bxe5 25. fxe5 Bf7 26. Qd4 Qg5 27.
Rd1 Rxe5 28. Bf3 h5 29. h4 Qd8 1-0

[Event "25. Open Internacional de Parla 2010"]
[Site "Parla ESP"]
[Date "2010.09.07"]
[Round "4.1"]
[White "Corrales Jimenez, Fidel"]
[Black "Barria Zuñiga, Daniel"]
[Result "1-0"]
[WhiteElo "2599"]
[BlackElo "2419"]
[PlyCount "55"]
[EventDate "2010.09.04"]
[EventType "swiss"]
[EventRounds "9"]
[EventCountry "ESP"]
[Source "lmi"]
[SourceDate "2010.09.04"]

1. e4 e6 2. d4 d5 3. Nc3 Bb4 4. e5 Ne7 5. a3 Bxc3+ 6. bxc3 c5 7. Qg4 Kf8 8. Bd3
Qa5 9. Bd2 Qa4 10. c4 dxc4 11. dxc5 Nd7 12. Ne2 Nxc5 13. Bxc4 b6 14. Bb4 Ba6
15. Bxa6 Qxa6 16. Rd1 Kg8 17. c4 Qb7 18. Bxc5 bxc5 19. O-O h6 20. Rd3 Kh7 21.
Rfd1 Rhe8 22. Rd7 Qb3 23. Qe4+ Kg8 24. Rb1 Qa2 25. Rxe7 Qxb1+ 26. Qxb1 Rxe7 27.
h4 Rd8 28. Qb5 1-0

[Event "25. Open Internacional de Parla 2010"]
[Site "Parla ESP"]
[Date "2010.09.07"]
[Round "4.2"]
[White "Perez Gonzalez, Jose Manuel"]
[Black "Strikovic, Aleksa"]
[Result "0-1"]
[WhiteElo "2318"]
[BlackElo "2560"]
[PlyCount "66"]
[EventDate "2010.09.04"]
[EventType "swiss"]
[EventRounds "9"]
[EventCountry "ESP"]
[Source "lmi"]
[SourceDate "2010.09.04"]

1. e4 d6 2. d4 Nf6 3. Nc3 e5 4. Nf3 Nbd7 5. g4 Nxg4 6. Rg1 Ngf6 7. Bc4 exd4 8.
Qxd4 Nb6 9. Bb3 Be6 10. Nd5 c5 11. Qd3 Bxd5 12. Bxd5 Nfxd5 13. exd5 Qe7+ 14.
Be3 O-O-O 15. O-O-O Qd7 16. Kb1 h6 17. Rge1 g6 18. Bd2 Bg7 19. Bc3 Bxc3 20.
Qxc3 Rhe8 21. Qd2 Qf5 22. Nh4 Qf6 23. Ng2 Nc4 24. Qc3 Qxc3 25. bxc3 Kd7 26. Ne3
Nxe3 27. fxe3 Re4 28. Rf1 Ke7 29. Rf3 f5 30. Rd3 Kf6 31. Rf4 Rde8 32. Rxe4 Rxe4
33. Kc1 Ke5 0-1

[Event "25. Open Internacional de Parla 2010"]
[Site "Parla ESP"]
[Date "2010.09.07"]
[Round "4.3"]
[White "Vazquez Igarza, Renier"]
[Black "Elissalt Cardenas, Hector"]
[Result "1-0"]
[WhiteElo "2535"]
[BlackElo "2357"]
[PlyCount "87"]
[EventDate "2010.09.04"]
[EventType "swiss"]
[EventRounds "9"]
[EventCountry "ESP"]
[Source "lmi"]
[SourceDate "2010.09.04"]

1. d4 d5 2. c4 e6 3. Nf3 Nf6 4. Nc3 Be7 5. Bf4 O-O 6. e3 b6 7. Rc1 c6 8. Bd3
Bb7 9. cxd5 Nxd5 10. Nxd5 Qxd5 11. O-O c5 12. dxc5 Rd8 13. Bxb8 Raxb8 14. c6
Bxc6 15. Bxh7+ Kxh7 16. Qc2+ Kg8 17. Qxc6 Qxa2 18. Ra1 Qxb2 19. Rxa7 Bf6 20. g4
g6 21. Kg2 b5 22. Qe4 Rd5 23. h4 Rc8 24. Qf4 Rf8 25. Rh1 Be5 26. Nxe5 Qxe5 27.
Qxe5 Rxe5 28. Rc1 Rb8 29. Rcc7 b4 30. Rxf7 Reb5 31. Rg7+ Kh8 32. h5 gxh5 33.
Rh7+ Kg8 34. gxh5 Rg5+ 35. Kf3 b3 36. Rhb7 Rf8+ 37. Ke2 Rg2 38. Rxb3 Rgxf2+ 39.
Kd3 R2f5 40. Rb6 Re8 41. h6 Rh5 42. Rg7+ Kf8 43. Rh7 Re7 44. Rb8+ 1-0

[Event "25. Open Internacional de Parla 2010"]
[Site "Parla ESP"]
[Date "2010.09.07"]
[Round "4.4"]
[White "Del Rio de Angelis, Salvador G"]
[Black "Suarez Uriel, Adrian"]
[Result "1-0"]
[WhiteElo "2515"]
[BlackElo "2180"]
[PlyCount "71"]
[EventDate "2010.09.04"]
[EventType "swiss"]
[EventRounds "9"]
[EventCountry "ESP"]
[Source "lmi"]
[SourceDate "2010.09.04"]

1. d4 Nf6 2. c4 g6 3. Nc3 d5 4. cxd5 Nxd5 5. e4 Nxc3 6. bxc3 Bg7 7. Bb5+ c6 8.
Ba4 b5 9. Bb3 Bb7 10. Nf3 c5 11. O-O O-O 12. Qe2 a6 13. Bg5 Qc7 14. Rac1 Nc6
15. d5 Na5 16. c4 e6 17. Rfd1 Nxb3 18. axb3 b4 19. Qe3 f6 20. Bh6 Bxh6 21. Qxh6
Rad8 22. dxe6 Rxd1+ 23. Rxd1 Rd8 24. Rxd8+ Qxd8 25. Qe3 Qd1+ 26. Ne1 Qd6 27.
Nd3 Qxe6 28. Nxc5 Qe5 29. h3 Bc6 30. f4 Qa1+ 31. Kh2 Qc3 32. Qe2 Qc1 33. Qg4
Kg7 34. Ne6+ Kh8 35. Qh4 g5 36. Qh6 1-0

[Event "25. Open Internacional de Parla 2010"]
[Site "Parla ESP"]
[Date "2010.09.07"]
[Round "4.5"]
[White "Aziz Ortego, Omar Luis"]
[Black "Gomez Garrido, Camilo"]
[Result "0-1"]
[WhiteElo "2080"]
[BlackElo "2514"]
[PlyCount "98"]
[EventDate "2010.09.04"]
[EventType "swiss"]
[EventRounds "9"]
[EventCountry "ESP"]
[Source "lmi"]
[SourceDate "2010.09.04"]

1. e4 c5 2. Nf3 d6 3. d4 Nf6 4. Nc3 cxd4 5. Nxd4 a6 6. a4 e6 7. Be2 Be7 8. O-O
Qc7 9. Be3 O-O 10. Qd2 Nc6 11. f4 Nxd4 12. Bxd4 Bd7 13. Qe3 Bc6 14. Rad1 Nd7
15. Qg3 Bf6 16. Bxf6 Nxf6 17. Qe3 Rfd8 18. Rd2 d5 19. e5 Ne4 20. Nxe4 dxe4 21.
Rxd8+ Rxd8 22. b3 h6 23. Rd1 Rxd1+ 24. Bxd1 Qd8 25. Be2 Qd5 26. Kf2 Kh7 27. g3
f6 28. exf6 gxf6 29. Qc3 Kg7 30. Ke3 Qd6 31. Qd4 Qe7 32. Kd2 e5 33. fxe5 fxe5
34. Qb6 Qd6+ 35. Kc3 a5 36. Bc4 Kf6 37. Qe3 Ke7 38. Qb6 Kd7 39. Qxa5 Qd4+ 40.
Kb4 e3 41. Ka3 Qa1+ 42. Kb4 e2 43. Bxe2 Qe1+ 44. c3 Qxe2 45. Qc5 Qe4+ 46. Ka3
Qd5 47. Qe3 h5 48. c4 Qd4 49. Qg5 e4 0-1

[Event "25. Open Internacional de Parla 2010"]
[Site "Parla ESP"]
[Date "2010.09.07"]
[Round "4.6"]
[White "Moreno Ibañez, Miguel"]
[Black "Taboas Rodriguez, Daniel"]
[Result "0-1"]
[WhiteElo "1957"]
[BlackElo "2381"]
[PlyCount "182"]
[EventDate "2010.09.04"]
[EventType "swiss"]
[EventRounds "9"]
[EventCountry "ESP"]
[Source "lmi"]
[SourceDate "2010.09.04"]

1. e4 e6 2. d4 d5 3. Nd2 c5 4. Ngf3 Nc6 5. c3 cxd4 6. cxd4 dxe4 7. Nxe4 Nf6 8.
Nc3 Be7 9. Bd3 O-O 10. O-O b6 11. a3 Bb7 12. Re1 Rc8 13. Bc2 Na5 14. Ne5 Nc4
15. Qd3 Nxe5 16. Rxe5 g6 17. Re1 Qd6 18. h3 Rfd8 19. Be3 Qc6 20. Qf1 Nd5 21.
Be4 Qd7 22. Nxd5 Bxd5 23. Bd3 Bf6 24. Ba6 Rc2 25. Re2 Bc4 26. Bxc4 Rxc4 27. Rd2
Rdc8 28. Rad1 Qd5 29. Qe2 h5 30. Kf1 Kg7 31. Qf3 Qxf3 32. gxf3 Rd8 33. Ke2 Rd5
34. f4 b5 35. Kf3 Bd8 36. Rd3 Bb6 37. Ke4 Rc2 38. R1d2 Rc1 39. Rd1 Rc2 40. R1d2
Rc7 41. Rd1 Rcd7 42. R1d2 Kf8 43. Rd1 Ke7 44. R1d2 Kd8 45. Rd1 Kc7 46. R1d2 Kb7
47. Rd1 a5 48. R1d2 a4 49. Rd1 Ka6 50. Rg1 Bd8 51. Rgd1 Be7 52. R1d2 Rb7 53.
Rc2 b4 54. axb4 Bxb4 55. Bd2 Be7 56. Rdc3 Bb4 57. Rc6+ Ka5 58. R6c5+ Rxc5 59.
Rxc5+ Ka6 60. Rc2 Bxd2 61. Rxd2 Kb5 62. d5 exd5+ 63. Rxd5+ Kc4 64. Rd2 Kb3 65.
h4 Rb4+ 66. Ke5 Rc4 67. Re2 Rc2 68. Re4 Rxb2 69. Kf6 Rxf2 70. Kxf7 Rg2 71. Re3+
Kb2 72. Re6 a3 73. Rb6+ Kc3 74. Rc6+ Kd4 75. Ra6 a2 76. Kf6 Kc3 77. Rc6+ Kb2
78. Rb6+ Kc1 79. Ra6 Kb2 80. Rb6+ Kc3 81. Ra6 Kd4 82. Ra5 Ke3 83. Ra4 Kf3 84.
Kg7 Kg4 85. Kxg6 Kxh4+ 86. Kh6 Kg4 87. Kg6 h4 88. f5+ Kf3+ 89. Kf7 h3 90. f6 h2
91. Ra3+ Ke4 0-1

[Event "25. Open Internacional de Parla 2010"]
[Site "Parla ESP"]
[Date "2010.09.07"]
[Round "4.7"]
[White "Ballesteros Gonzalez, David"]
[Black "Cerrato Torrijos, Maria"]
[Result "1/2-1/2"]
[WhiteElo "2196"]
[BlackElo "2055"]
[PlyCount "85"]
[EventDate "2010.09.04"]
[EventType "swiss"]
[EventRounds "9"]
[EventCountry "ESP"]
[Source "lmi"]
[SourceDate "2010.09.04"]

1. d4 Nf6 2. Nc3 d5 3. e4 dxe4 4. f3 exf3 5. Nxf3 Bf5 6. Bc4 e6 7. O-O Be7 8.
Ne5 O-O 9. g4 Bg6 10. Be3 Nbd7 11. Nxg6 hxg6 12. g5 Nh5 13. Qg4 Nb6 14. Be2 Nd5
15. Nxd5 exd5 16. Qh4 f6 17. Bxh5 fxg5 18. Rxf8+ Qxf8 19. Bxg5 Bxg5 20. Qxg5
gxh5 21. Re1 Qf3 22. Qg3 Qxg3+ 23. hxg3 Kf7 24. Re5 c6 25. Rxh5 Re8 26. Kf2 Kf6
27. Rh4 b6 28. Rf4+ Ke6 29. Rf3 Rc8 30. Ke2 c5 31. dxc5 bxc5 32. Ra3 Rc7 33.
Re3+ Kd6 34. c3 Rf7 35. b3 Rf6 36. Re8 Rh6 37. Rg8 Rh2+ 38. Kd3 Rxa2 39. Rxg7
Rb2 40. Rg6+ Ke5 41. Rg5+ Ke6 42. Rg6+ Ke5 43. Rg5+ 1/2-1/2

[Event "25. Open Internacional de Parla 2010"]
[Site "Parla ESP"]
[Date "2010.09.07"]
[Round "4.8"]
[White "Ramos Aldoradin, John Paul"]
[Black "Nieto de la Cruz, Julio"]
[Result "0-1"]
[WhiteElo "2126"]
[BlackElo "2147"]
[PlyCount "59"]
[EventDate "2010.09.04"]
[EventType "swiss"]
[EventRounds "9"]
[EventCountry "ESP"]
[Source "lmi"]
[SourceDate "2010.09.04"]

1. e4 c5 2. Nf3 d6 3. Bb5+ Nd7 4. c3 a6 5. Ba4 g6 6. O-O Bg7 7. d4 e5 8. dxc5
dxc5 9. c4 Qc7 10. Nc3 Ne7 11. Bg5 f6 12. Be3 b6 13. Nd5 Qd6 14. Nxe7 Qxd1 15.
Raxd1 Kxe7 16. Bc6 Ra7 17. Nd2 Nb8 18. Bd5 h5 19. f4 Bh6 20. Rde1 Nd7 21. f5
Bxe3+ 22. Rxe3 g5 23. Rd1 Rd8 24. Rb3 b5 25. Nf1 Nb6 26. Ne3 Nxc4 27. Nxc4 bxc4
28. Rb6 Rb7 29. Rxa6 Rxb2 30. Rc1 0-1

[Event "25. Open Internacional de Parla 2010"]
[Site "Parla ESP"]
[Date "2010.09.07"]
[Round "4.9"]
[White "Villar Perez, Samuel"]
[Black "Abreu Delgado, Aryam"]
[Result "0-1"]
[WhiteElo "2087"]
[BlackElo "2473"]
[PlyCount "94"]
[EventDate "2010.09.04"]
[EventType "swiss"]
[EventRounds "9"]
[EventCountry "ESP"]
[Source "lmi"]
[SourceDate "2010.09.04"]

1. d4 Nf6 2. c4 g6 3. Nc3 d5 4. cxd5 Nxd5 5. e4 Nxc3 6. bxc3 Bg7 7. Bc4 c5 8.
Ne2 Nc6 9. Be3 O-O 10. O-O Qc7 11. Rc1 Rd8 12. Bf4 Qd7 13. dxc5 Qe8 14. Bd5 Ne5
15. Qb3 e6 16. Bxb7 Bxb7 17. Qxb7 Nd3 18. Rcd1 Nxc5 19. Qb1 Qa4 20. f3 Qc4 21.
Qc2 Nd3 22. Be3 Rac8 23. Qb3 Qa6 24. c4 Nb2 25. Rxd8+ Rxd8 26. Rc1 Rc8 27. Rc2
Nxc4 28. Bd4 Bxd4+ 29. Nxd4 Qa5 30. Qc3 Qb6 31. Qd3 e5 32. Rxc4 Rxc4 33. Qxc4
exd4 34. Qd3 Qb2 35. Kf1 Qa1+ 36. Kf2 Qxa2+ 37. Kg3 Qb2 38. Qa6 Qb6 39. Qc8+
Kg7 40. Qd7 Qc5 41. Kf4 h6 42. e5 Qc1+ 43. Ke4 Qe3+ 44. Kd5 d3 45. Qe7 d2 46.
Qf6+ Kg8 47. Qd8+ Kh7 0-1

[Event "25. Open Internacional de Parla 2010"]
[Site "Parla ESP"]
[Date "2010.09.07"]
[Round "4.10"]
[White "Gongora Reyes, Maikel"]
[Black "Cortes Jurado, Rafael"]
[Result "1-0"]
[WhiteElo "2468"]
[BlackElo "2083"]
[PlyCount "67"]
[EventDate "2010.09.04"]
[EventType "swiss"]
[EventRounds "9"]
[EventCountry "ESP"]
[Source "lmi"]
[SourceDate "2010.09.04"]

1. d4 Nf6 2. c4 e6 3. Nc3 Bb4 4. Qc2 O-O 5. a3 Bxc3+ 6. Qxc3 b6 7. Bg5 Bb7 8.
e3 d6 9. Ne2 Nbd7 10. Qc2 c5 11. Rd1 Qe7 12. Nc3 a6 13. Bh4 Rac8 14. f3 cxd4
15. Rxd4 Ne5 16. Be2 Rfd8 17. O-O Ng6 18. Bf2 e5 19. Rdd1 d5 20. Qb3 dxc4 21.
Qxb6 e4 22. Rxd8+ Rxd8 23. f4 Rd3 24. Bxd3 exd3 25. f5 Ne5 26. Bg3 Neg4 27. Bf4
h5 28. h3 Nh6 29. Bg5 Be4 30. Bxf6 gxf6 31. Qd4 Bxf5 32. Nd5 Qb7 33. Nxf6+ Kf8
34. Nxh5 1-0